E Street Band members 1972 - - Statistics

General Stats
  • This quiz has been taken 26 times
  • The average score is 9 of 12
Answer Stats
Years Active Member Main Role % Correct
1972 - Bruce Springsteen Lead Vocals/Guitar
100%
1972 - 2011 Clarence Clemons Saxophone/Vocals
100%
1972 - 2008 Danny Federici Organ
95%
1974 - Max Weinberg Drums
90%
1984 - Nils Lofgren Guitar
90%
1974 - Roy Bittan Piano
85%
1975 - Steve Van Zandt Guitar
85%
1972 - Garry Tallent Bass
80%
1984 - Patti Scialfa Vocals/Guitar
70%
1972 - 1974 David Sancious Piano/Keyboards
45%
1972 - 1974 Vini Lopez Drums
45%
1974 Ernest Carter Drums
25%
No matching quizzes found
Score Distribution
Percent of People with Each Score
Percentile by Number Answered
Your Score History
You have not taken this quiz